000 00603nam a2200217Ii 4500
001 15670
003 CO-ViMGA
008 241108s9999||||xx |||||||||||||| ||und||
020 _a9789822184261
040 _aCO-ViMGA
_bspa
_erda
_cCO-ViMGA
041 0 _aspa
084 _aC IRI
100 1 _aAna Iriarte
_944669
245 1 0 _aTitina la osa cocinera
264 1 _aBuenos Aires, Argentina : Del Naranjo, 2011
300 _avolumen
336 _atext
_btxt
_2rdacontent
337 _aunmediated
_bn
_2rdamedia
338 _avolume
_bnc
_2rdacarrier
940 _aidficha_siabuc: 15354. -- ficha_no_siabuc:15670
999 _c39135
_d39135